000 00453 a2200169 4500
999 _c4627
_d4627
020 _a0869222910
050 0 0 _aPL8547 NGU 1984
100 1 _aNgulube, Joseph Norman,
_d1927-
245 1 0 _aOzeleyo ulomlandu /
_cJ.N. Ngulube.
264 _aGweru
_bMambo Press
_c1984
300 _a80 p. ;
500 _aNdebele fiction
650 _aNdebele folklore
700 _aNcube, L
_eCover illustrator
942 _2lcc
_cBK
_h8547
_iNGU
_kPL